| 000 | 01265cam a2200349 i 4500 | ||
|---|---|---|---|
| 999 |
_c200444285 _d62497 |
||
| 001 | 200444285 | ||
| 003 | TR-AnTOB | ||
| 005 | 20240904093333.0 | ||
| 007 | ta | ||
| 008 | 990225s1971 tu 000 0 tur | ||
| 035 | _a(TR-AnTOB)200444285 | ||
| 040 |
_aT9K _beng _erda _cT9K _dTR-AnTOB |
||
| 041 | 0 | _atur | |
| 050 | 0 | 4 |
_aHF1411 _b.M36 1971 |
| 090 |
_aHF1411 _b.M36 1971 |
||
| 100 | 1 |
_aManisalı, Erol _eauthor _930491 |
|
| 245 | 1 | 0 |
_aUluslararası ekonomi : _bgümrük birlikleri ve dinamik entegrasyon teorisi / _cDoç. Dr. Erol Manisalı. |
| 264 | 1 |
_aİstanbul : _bİstanbul Üniversitesi, _c1971. |
|
| 300 |
_a184 pages ; _c24 cm |
||
| 336 |
_atext _btxt _2rdacontent |
||
| 337 |
_aunmediated _bn _2rdamedia |
||
| 338 |
_avolume _bnc _2rdacarrier |
||
| 490 | 0 |
_aİstanbul Üniversitesi Yayınları ; _vNo.1694. _aİktisat Fakültesi ; _vNo.299. _aİktisadi Gelişme Enstitüsü ; _vNo.21 |
|
| 650 | 7 |
_aUluslararası ekonomik ilişkiler _2etuturkob _912245 |
|
| 650 | 7 |
_aUluslararası ticaret _2etuturkob _923531 |
|
| 650 | 7 |
_aGümrük birlikleri _2etuturkob _96559 |
|
| 650 | 0 |
_aUluslararası ekonomik bütünleşme _9130183 |
|
| 650 | 7 |
_aTicaret politikası _2etuturkob _930800 |
|
| 942 |
_2lcc _cBK |
||